| 000 | 00569nam a22001937a 4500 | ||
|---|---|---|---|
| 003 | KOHA_MİRAKIL | ||
| 005 | 20260415064628.0 | ||
| 008 | 260415b tu ||||| |||| 00| 0 tur d | ||
| 040 |
_aTR-AnABB _btur _cTR-AnABB |
||
| 041 | _atur | ||
| 082 |
_a711.309561 _bROD 1960 |
||
| 100 | 1 | _aRodwin, Lylod | |
| 245 | 1 | 0 |
_aTürkiye'de bölge planlaması hakkında rapor / _cLylod Rodwin |
| 260 |
_aAnkara : _b[yayl.y.] _c1960 |
||
| 300 |
_a27 sayfa ; _c20 cm |
||
| 650 | 0 | 4 | _aBölgesel planlama, Türkiye |
| 650 | 0 | 4 | _aBölgesel planlama |
| 942 |
_2ddc _cBK |
||
| 999 |
_c10238 _d10238 |
||
| 900 | _bCan ÇELIK | ||